Pakistan : at the crosscurrent of history (Record no. 5224)
[ view plain ]
| 000 -LEADER | |
|---|---|
| fixed length control field | 00544 a2200157 4500 |
| 020 ## - INTERNATIONAL STANDARD BOOK NUMBER | |
| International Standard Book Number | 9694023882 |
| 040 ## - CATALOGING SOURCE | |
| Original cataloging agency | DLC |
| Language of cataloging | DLC |
| 082 ## - DEWEY DECIMAL CLASSIFICATION NUMBER | |
| Classification number | 954.91 |
| 100 ## - MAIN ENTRY--PERSONAL NAME | |
| Personal name | Ziring, Lawrence. |
| 245 ## - TITLE STATEMENT | |
| Title | Pakistan : at the crosscurrent of history |
| Statement of responsibility, etc. | Lawrence Ziring, |
| 260 ## - PUBLICATION, DISTRIBUTION, ETC. | |
| Place of publication, distribution, etc. | Lahore: |
| Name of publisher, distributor, etc. | Vanguard Pvt. Ltd., |
| Date of publication, distribution, etc. | 2004. |
| 300 ## - PHYSICAL DESCRIPTION | |
| Extent | xvi, 383 p. |
| Other physical details | .: ill. ; |
| Dimensions | 24 cm. |
| 500 ## - GENERAL NOTE | |
| General note | Includes bibliographical references and index |
| 650 ## - SUBJECT ADDED ENTRY--TOPICAL TERM | |
| Topical term or geographic name entry element | 1.Pakistan -- Politics and government -- 20th century.2.Pakistan -- History -- 20th century |
| 942 ## - ADDED ENTRY ELEMENTS (KOHA) | |
| Koha item type | Book |
| Call number prefix | 954.91 ZIR |
| Source of classification or shelving scheme | |
| Withdrawn status | Lost status | Source of classification or shelving scheme | Materials specified (bound volume or other part) | Damaged status | Not for loan | Permanent Location | Current Location | Shelving location | Date acquired | Source of acquisition | Cost, normal purchase price | Total Checkouts | Full call number | Barcode | Date last seen | Date last checked out | Price effective from | Koha item type | Public note |
|---|---|---|---|---|---|---|---|---|---|---|---|---|---|---|---|---|---|---|---|
| CSS Corner Book | Central Library (CL) | Central Library (CL) | Central Superior Services | 05/22/2004 | Academic Book Company | 715.50 | 5 | 954.91 ZIR | SEECS004542 | 04/15/2026 | 01/25/2026 | 01/05/2017 | CSS Corner | CSS Corner Book |
